An interventions of biogical Scirnces in 21st century/ (Record no. 190879)

MARC details
000 -LEADER
fixed length control field 00645nam a22002057a 4500
005 - DATE AND TIME OF LATEST TRANSACTION
control field 20220831110536.0
010 ## - LCCN (DPL NO)
LC control number ENG-134354
020 ## - INTERNATIONAL STANDARD BOOK NUMBER
International Standard Book Number 9789393737342
Terms of availability 1150.00
035 ## - SYSTEM CONTROL NUMBER
System control number EN-117886
037 ## - SOURCE OF ACQUISITION
Source of stock number/acquisition DBAD/PUB
082 ## - DEWEY DECIMAL CLASSIFICATION NUMBER
Classification number 574
100 ## - MAIN ENTRY--PERSONAL NAME
Personal name Vijayapriya, M.
245 ## - TITLE STATEMENT
Title An interventions of biogical Scirnces in 21st century/
Statement of responsibility, etc D.S. vijayan [et. al..]
260 ## - PUBLICATION, DISTRIBUTION, ETC. (IMPRINT)
Place of publication, distribution, etc Tamil Nadu
Name of publisher, distributor, etc Shanlax publications
Date of publication, distribution, etc 2022
270 ## - ADDRESS
Address 61, 66 T.P.K. main road, Vasantha nagar, madurai
City Tamil nadu
Postal code 625003
300 ## - PHYSICAL DESCRIPTION
Extent 376p.
Dimensions 24cm(pbk)
700 ## - ADDED ENTRY--PERSONAL NAME
Personal name S. mahalakshmi
700 ## - ADDED ENTRY--PERSONAL NAME
Personal name C. Ruth Christiya
942 ## - ADDED ENTRY ELEMENTS (KOHA)
Source of classification or shelving scheme Dewey Decimal Classification
Item type English Books
Classification part 574
Call number suffix VIJ
Holdings
Withdrawn status Lost status Not for loan Collection code Home library Current library Date acquired Source of acquisition Cost, normal purchase price Full call number Barcode Copy number Cost, replacement price Koha item type
      Non-fiction Bawana Bawana 08/08/2022 DBAD/PUB 1150.00 574 VIJ EN-117886 1 1150.00 English Books

© Delhi Public Library
Hit Counter
free hit counter